00891nas a22002297a 450000500170000000800410001704000130005824500150007126000500008630000120013631000110014836200140015950001170017350000820029065000550037265100440042770000370047171000270050894200160053599900130055195200970056420260526171456.0260526b19861989porm||p|||||| 00| z0por d cBR-ViAPE aAgro-Campo aVitóriabEditoria Campestre Ltdac1986-1989 av.bil. aMensal a1986-1989 aDisponibilizada apenas a imagem da capa na versão digital, em virtude de restrições de direitos autorais.  aColeção incompleta: disponíveis apenas alguns números do periódico. aAgrícolaxRuralxAgronegóciozEspírito Santo aEspírito Santo (Brasil)vPeriódicos aMaduro, José CorrêaeDiretor aEditora Campestre Ltda 2ddccPERn1 c718d718 00102ddc4070aHDIG.APEESbHDIG.APEESd2026-05-26l0r2026-05-26 17:15:46w2026-05-26yPER